| 000 | 00590nam a2200205Ia 4500 | ||
|---|---|---|---|
| 008 | 180523s9999 xx 000 0 und d | ||
| 020 | _a978-971-0428-95-3 | ||
| 050 | _aMAIN BV 4527 | ||
| 050 | _b.A94 2009 | ||
| 100 | _aAugustine, Sue. | ||
| 245 | 0 | _aSanity secrets for stressed-out women / | |
| 245 | 0 | _cSue Augustine. | |
| 260 | _aEugene, Oregon : | ||
| 260 | _bHarvest House Publishers, | ||
| 260 | _c2009 | ||
| 300 | _a286 pages : | ||
| 300 | _c22 cm. | ||
| 650 | _aChristian women -- Religious life. | ||
| 650 | _xStress (Psychology) -- Religious aspects -- Christianity. | ||
| 999 |
_c356536 _d356536 |
||